[Event "GER-ch Blitz (Women)"]
[White "Noll, Sonja"]
[Black "Schneider, Birgit"]
[Site "Magdeburg"]
[Round "16"]
[Result "0-1"]
[Date "2021.08.01"]
[WhiteElo "1733"]
[BlackElo "1870"]
[PlyCount "124"]
[EventDate "2021.08.01"]
[EventType "tourn (blitz)"]
[EventRounds "21"]
[EventCountry "GER"]
[SourceTitle "CBM 203 Extra"]
[Source "ChessBase"]
[SourceDate "2021.09.30"]
[SourceVersion "1"]
[SourceVersionDate "2021.09.30"]
[SourceQuality "1"]

1. e4 c5 2. Nf3 Nc6 3. c3 d5 4. exd5 Qxd5 5. h3 Nf6 6. d4 cxd4 7. Nxd4 Nxd4 8. cxd4 e5 9. Nc3 Qe6 10. Be2 Be7 11. Nb5 Bd6 12. Nxd6+ Qxd6 13. dxe5 Qxe5 14. 0-0 0-0 15. Be3 Bf5 16. Qb3 b6 17. Rfe1 Rac8 18. Ba6 Rce8 19. Bb5 Bd7 20. Rad1 Qxb5 21. Qc3 Qc6 22. Qd3 Bc8 23. Bd2 Bb7 24. f3 Rd8 25. Qa3 a5 26. Re7 Ba8 27. Qe3 Qc5 28. Re1 Qxe3+ 29. Bxe3 h6 30. Bxb6 Rb8 31. Bxa5 Rxb2 32. a3 Ra2 33. Bb4 Nd5 34. Re8 Nxb4 35. axb4 Bb7 36. R8e7 Bc6 37. Rc1 Ra6 38. Rc5 Rb6 39. Rc7 Ba8 40. b5 Rfb8 41. Rc8+ Kh7 42. R8c7 Rxb5 43. Rxb5 Rxb5 44. Rxf7 Kg6 45. Rf8 Bd5 46. Ra8 Bc4 47. Ra6+ Kh7 48. Ra7 Rb1+ 49. Kh2 Be6 50. Kg3 Rb2 51. f4 Bc4 52. Rc7 Bf1 53. Kh4 Rxg2 54. f5 Rf2 55. Kh5 Bxh3 56. Kh4 Bxf5 57. Rf7 Rf1 58. Kg3 Bd3 59. Rxf1 Bxf1 60. Kh4 Bd3 61. Kh5 g6+ 62. Kh4 Kg7 0-1

[Event "GER-ch Blitz (Women)"]
[White "Schneider, Birgit"]
[Black "Zimmer, Elke"]
[Site "Magdeburg"]
[Round "11"]
[Result "0-1"]
[Date "2021.08.01"]
[WhiteElo "1870"]
[BlackElo "1910"]
[PlyCount "76"]
[EventDate "2021.08.01"]
[EventType "tourn (blitz)"]
[EventRounds "21"]
[EventCountry "GER"]
[SourceTitle "CBM 203 Extra"]
[Source "ChessBase"]
[SourceDate "2021.09.30"]
[SourceVersion "1"]
[SourceVersionDate "2021.09.30"]
[SourceQuality "1"]

1. e4 c6 2. d4 d5 3. exd5 cxd5 4. c4 Nf6 5. Nc3 e6 6. Nf3 Nc6 7. cxd5 Nxd5 8. Bd3 Bb4 9. Bd2 Nxc3 10. bxc3 Be7 11. 0-0 0-0 12. Rc1 Bf6 13. Qe2 g6 14. Bh6 Bg7 15. Bg5 Qc7 16. Qd2 b6 17. Bh6 Bb7 18. Bxg7 Kxg7 19. Rfe1 Ne7 20. Ne5 Rac8 21. Ng4 f6 22. Qh6+ Kh8 23. Rxe6 Ng8 24. Qh3 Qd7 25. Re3 f5 26. Ne5 Qg7 27. Rce1 Rxc3 28. Bf1 Rxe3 29. fxe3 Nf6 30. Rc1 Ne4 31. Qg3 Nxg3 32. hxg3 Re8 33. Kf2 Rxe5 34. dxe5 Qxe5 35. Be2 Be4 36. Rc8+ Kg7 37. Bc4 Qb2+ 38. Kg1 Qxg2# 0-1

[Event "GER-ch Blitz (Women)"]
[White "Voicu Jagodzinsky, Carmen"]
[Black "Schneider, Birgit"]
[Site "Magdeburg"]
[Round "1"]
[Result "1-0"]
[Date "2021.08.01"]
[WhiteElo "2247"]
[BlackElo "1870"]
[PlyCount "87"]
[EventDate "2021.08.01"]
[EventType "tourn (blitz)"]
[EventRounds "21"]
[EventCountry "GER"]
[SourceTitle "CBM 203 Extra"]
[Source "ChessBase"]
[SourceDate "2021.09.30"]
[SourceVersion "1"]
[SourceVersionDate "2021.09.30"]
[SourceQuality "1"]

1. e4 c5 2. Nc3 Nc6 3. f4 g6 4. Nf3 Bg7 5. Bb5 Nd4 6. 0-0 Nxb5 7. Nxb5 a6 8. Nc3 e6 9. a4 Ne7 10. e5 d5 11. d4 cxd4 12. Nxd4 0-0 13. Kh1 Nc6 14. a5 Nxa5 15. b3 Nc6 16. Ba3 Re8 17. Nxc6 bxc6 18. Na4 a5 19. Nc5 Ba6 20. Re1 Bf8 21. Qd4 Qc7 22. h4 h5 23. Kh2 Kh7 24. Rg1 Bh6 25. Rae1 Qd8 26. g3 Bb5 27. Kh3 a4 28. b4 Bc4 29. Rg2 Bg7 30. g4 hxg4+ 31. Rxg4 Rg8 32. Reg1 Qe8 33. R1g3 Rc8 34. Qg1 Rc7 35. h5 Bh6 36. Bc1 Qe7 37. hxg6+ fxg6 38. Rxg6 Rxg6 39. Rxg6 Qf7 40. Nxe6 Qf5+ 41. Qg4 Bf1+ 42. Kg3 Qxc2 43. Rxh6+ Kxh6 44. f5+ 1-0

[Event "GER-ch Net Amateur Gr-B Vor3"]
[White "Klugstedt, Vincent C"]
[Black "Schneider, Birgit"]
[Site "Playchess.com INT"]
[Round "6"]
[Result "0-1"]
[Date "2020.04.16"]
[WhiteElo "1685"]
[BlackElo "1688"]
[PlyCount "34"]
[EventDate "2020.04.16"]
[EventType "swiss (blitz)"]
[EventRounds "9"]
[EventCountry "GER"]
[SourceTitle "CBM 195 Extra"]
[Source "ChessBase"]
[SourceDate "2020.05.31"]
[SourceVersion "1"]
[SourceVersionDate "2020.05.31"]
[SourceQuality "1"]

1. d4 d5 2. c4 e6 3. Nc3 c5 4. cxd5 exd5 5. Nf3 Nc6 6. e3 Nf6 7. Bb5 Bd6 8. 0-0 0-0 9. Bxc6 bxc6 10. b3 Bg4 11. h3 Be6 12. Na4 cxd4 13. Nxd4 Bd7 14. Nc3 Rc8 15. Bb2 Bb8 16. Rc1 Qc7 17. Ba3 Qh2# 0-1

[Event "GER-ch Net Amateur Gr-B Vor3"]
[White "Schneider, Birgit"]
[Black "Brunner, Sophia"]
[Site "Playchess.com INT"]
[Round "2"]
[Result "1/2-1/2"]
[Date "2020.04.16"]
[WhiteElo "1681"]
[BlackElo "1892"]
[PlyCount "69"]
[EventDate "2020.04.16"]
[EventType "swiss (blitz)"]
[EventRounds "9"]
[EventCountry "GER"]
[SourceTitle "CBM 195 Extra"]
[Source "ChessBase"]
[SourceDate "2020.05.31"]
[SourceVersion "1"]
[SourceVersionDate "2020.05.31"]
[SourceQuality "1"]

1. e4 e6 2. d4 d5 3. e5 c5 4. c3 Nc6 5. Nf3 cxd4 6. cxd4 f6 7. Nc3 Bb4 8. Bb5 a6 9. Bxc6+ bxc6 10. 0-0 c5 11. exf6 Nxf6 12. Ne5 Bb7 13. Re1 0-0 14. Bg5 cxd4 15. Qxd4 Bd6 16. Ng4 Qe7 17. Nxf6+ gxf6 18. Bh6 Rfe8 19. Re3 Qf7 20. Qg4+ Qg6 21. Qxg6+ hxg6 22. Rd1 Kf7 23. h3 Rh8 24. Ne4 Be7 25. Bf4 dxe4 26. Rd7 Bd5 27. Bd6 Rhe8 28. Rc3 Kf8 29. Rcc7 Bxd6 30. Rf7+ Kg8 31. Rg7+ Kh8 32. Rh7+ Kg8 33. Rhg7+ Kh8 34. Rh7+ Kg8 35. Rhg7+ 1/2-1/2

[Event "GER-ch Net Amateur Gr-B Vor2"]
[White "Schoen, Florian"]
[Black "Schneider, Birgit"]
[Site "Playchess.com INT"]
[Round "6"]
[Result "0-1"]
[Date "2020.04.15"]
[WhiteElo "1561"]
[BlackElo "1633"]
[PlyCount "164"]
[EventDate "2020.04.15"]
[EventType "swiss (blitz)"]
[EventRounds "9"]
[EventCountry "GER"]
[SourceTitle "CBM 196 Extra"]
[Source "ChessBase"]
[SourceDate "2020.07.31"]
[SourceVersion "1"]
[SourceVersionDate "2020.07.31"]
[SourceQuality "1"]

1. e4 c5 2. Nc3 Nc6 3. f4 g6 4. Nf3 Bg7 5. Bb5 Nd4 6. d3 e6 7. 0-0 Ne7 8. Qe1 a6 9. Bc4 b5 10. Bb3 Nxb3 11. axb3 Bb7 12. Qh4 Nc6 13. Qh3 Nd4 14. Nxd4 cxd4 15. Ne2 Rc8 16. c3 dxc3 17. bxc3 Qb6+ 18. d4 Qc7 19. Qe3 0-0 20. f5 exf5 21. exf5 Qc6 22. Rf2 Rce8 23. Qd3 Re4 24. Ng3 Re1+ 25. Nf1 Rfe8 26. Bb2 Rxa1 27. Bxa1 Re1 28. Bb2 Qd5 29. f6 Bh6 30. Qh3 Be3 31. Qg3 Bxf2+ 32. Kxf2 Re8 33. b4 Qf5+ 34. Kg1 Qxf6 35. Ne3 Qe6 36. Nc2 Qe2 37. Qf2 Qxf2+ 38. Kxf2 Kg7 39. Ne3 Kf6 40. Bc1 h5 41. c4 bxc4 42. Nxc4 Bd5 43. Ne3 Be6 44. d5 Bf5 45. Nc4 Rb8 46. Bd2 Rb5 47. Ne3 Be4 48. Bc3+ Ke7 49. d6+ Ke6 50. Nc4 Bd5 51. Ne3 Kxd6 52. Nxd5 Rxd5 53. Ke3 Ke6 54. Ke4 Rd1 55. g3 Rc1 56. Bd2 Rc2 57. Kd3 Ra2 58. Ke3 Kd5 59. Kd3 Rxd2+ 60. Kxd2 Kc4 61. Kc2 d5 62. h4 Kxb4 63. Kd3 Kc5 64. Kc3 a5 65. Kb3 d4 66. Kc2 Kc4 67. Kb2 a4 68. Kc2 d3+ 69. Kb2 Kd4 70. Kc1 a3 71. Kb1 Ke3 72. Kc1 a2 73. Kb2 d2 74. Kxa2 d1Q 75. Kb2 Qf3 76. Kc2 Qxg3 77. Kc3 Qxh4 78. Kb2 Qc4 79. Kb1 Qe2 80. Kc1 Kd3 81. Kb1 Kc3 82. Ka1 Qb2# 0-1

[Event "GER-ch Net Amateur Gr-B Vor1"]
[White "Viol, Julius"]
[Black "Schneider, Birgit"]
[Site "Playchess.com INT"]
[Round "2"]
[Result "0-1"]
[Date "2020.04.14"]
[WhiteElo "1718"]
[BlackElo "1697"]
[PlyCount "70"]
[EventDate "2020.04.14"]
[EventType "swiss (blitz)"]
[EventRounds "9"]
[EventCountry "GER"]
[SourceTitle "EXT 2021"]
[Source "ChessBase"]
[SourceDate "2020.10.23"]
[SourceVersion "1"]
[SourceVersionDate "2020.10.23"]
[SourceQuality "1"]

1. d4 d5 2. c4 e6 3. Nc3 c5 4. e3 Nf6 5. Nf3 Nc6 6. dxc5 Bxc5 7. cxd5 exd5 8. Bb5 0-0 9. 0-0 Bg4 10. h3 Be6 11. Qe2 Re8 12. Rd1 Qc7 13. b3 a6 14. Bd3 d4 15. Na4 Ba7 16. exd4 Bxb3 17. Qxe8+ Rxe8 18. axb3 Nxd4 19. Nxd4 Bxd4 20. Bb2 Bxb2 21. Nxb2 Qc3 22. Nc4 h6 23. Rac1 Qxb3 24. Rb1 Qc3 25. Rxb7 Re1+ 26. Rxe1 Qxe1+ 27. Kh2 g6 28. Nd6 Qe5+ 29. g3 Qxd6 30. Ra7 Qxd3 31. Kg2 Kg7 32. h4 Ne4 33. h5 Qe2 34. hxg6 Qxf2+ 35. Kh1 Nxg3# 0-1

[Event "GER-chT Federal Cup (Women)"]
[White "Schneider, Birgit"]
[Black "Gheng, Simona"]
[Site "Braunfels"]
[Round "2.4"]
[Result "0-1"]
[Date "2019.06.21"]
[WhiteElo "1874"]
[BlackElo "1991"]
[PlyCount "98"]
[EventDate "2019.06.20"]
[EventType "team-swiss"]
[EventRounds "5"]
[EventCountry "GER"]
[SourceTitle "CBM 191 Extra"]
[Source "ChessBase"]
[SourceDate "2019.09.30"]
[SourceVersion "1"]
[SourceVersionDate "2019.09.30"]
[SourceQuality "1"]

1. e4 c5 2. c3 d6 3. d4 cxd4 4. cxd4 g6 5. Nc3 Bg7 6. h3 Nc6 7. Nf3 a6 8. Be2 Nf6 9. 0-0 Nd7 10. Be3 b5 11. a3 Bb7 12. Rc1 Rc8 13. Qb3 Na5 14. Qa2 Nc4 15. Bxc4 Rxc4 16. a4 0-0 17. axb5 axb5 18. Nd2 Rc8 19. Nd5 Bxd5 20. Qxd5 Rb8 21. Rc2 Qa5 22. Rfc1 Nb6 23. Qb3 h5 24. Rc7 Nc4 25. Nxc4 Qxc7 26. Ne5 Qb7 27. Nxg6 Rfc8 28. Rxc8+ Rxc8 29. Nf4 Qxe4 30. Nxh5 Bxd4 31. Bxd4 Rc1+ 32. Kh2 Qxd4 33. Qg3+ Kf8 34. Nf4 Rc4 35. Nd3 Qf6 36. Qe3 Rd4 37. g3 e5 38. Kg2 Qg6 39. Ne1 Qe4+ 40. Qxe4 Rxe4 41. Nf3 Rb4 42. Ng5 d5 43. h4 Rxb2 44. Kf3 Kg7 45. Ke3 d4+ 46. Kf3 f5 47. Nh3 Rb3+ 48. Ke2 Rc3 49. Kd2 b4 0-1

[Event "GER-chT Federal Cup (Women)"]
[White "Siegl, Melina"]
[Black "Schneider, Birgit"]
[Site "Braunfels"]
[Round "5.4"]
[Result "1-0"]
[Date "2017.06.18"]
[WhiteElo "1972"]
[BlackElo "1924"]
[PlyCount "77"]
[EventDate "2017.06.15"]
[EventType "team-swiss"]
[EventRounds "5"]
[EventCountry "GER"]
[SourceTitle "CBM 179 Extra"]
[Source "ChessBase"]
[SourceDate "2017.08.23"]
[SourceVersion "1"]
[SourceVersionDate "2017.08.23"]
[SourceQuality "1"]
[WhiteTeam "Bayern (W) II"]
[BlackTeam "Baden (W)"]
[WhiteTeamCountry "GER"]
[BlackTeamCountry "GER"]

1. e4 c5 2. Nf3 Nc6 3. c3 d5 4. exd5 Qxd5 5. Na3 Nf6 6. Bc4 Qd8 7. 0-0 e6 8. d3 Be7 9. Bf4 a6 10. Bb3 0-0 11. Nc4 b5 12. Nce5 Nxe5 13. Nxe5 Bb7 14. Qe2 Bd5 15. c4 bxc4 16. dxc4 Be4 17. Rfd1 Qc8 18. Ba4 Ra7 19. f3 Ba8 20. Rd3 Rd8 21. Rad1 Rxd3 22. Qxd3 Bb7 23. Nd7 Bc6 24. Nxf6+ Bxf6 25. Bxc6 Bd4+ 26. Be3 Qxc6 27. Bxd4 Rd7 28. Qb3 Qd6 29. Qa4 h6 30. b4 cxd4 31. c5 Qd5 32. Qxa6 d3 33. c6 Qd4+ 34. Kh1 Rd5 35. c7 Qf2 36. c8Q+ Kh7 37. Qc1 d2 38. Qc2+ g6 39. Qf1 1-0

[Event "Wasselonne op 19th"]
[White "Guliyev, Namig"]
[Black "Schneider, Birgit"]
[Site "Wasselonne"]
[Round "1"]
[Result "1-0"]
[Date "2015.08.06"]
[WhiteElo "2573"]
[BlackElo "1982"]
[PlyCount "89"]
[EventDate "2015.08.06"]
[EventType "swiss"]
[EventRounds "7"]
[EventCountry "FRA"]
[SourceTitle "EXT 2016"]
[Source "ChessBase"]
[SourceDate "2015.10.08"]
[SourceVersion "1"]
[SourceVersionDate "2015.10.08"]
[SourceQuality "1"]

1. e4 c5 2. Nf3 Nc6 3. Nc3 g6 4. d4 cxd4 5. Nxd4 Bg7 6. Be3 Nf6 7. Nxc6 bxc6 8. e5 Nd5 9. Nxd5 cxd5 10. Qxd5 Rb8 11. 0-0-0 0-0 12. f4 d6 13. Bc4 Be6 14. Qd3 Bxc4 15. Qxc4 Qd7 16. Qe4 Qb5 17. Bd4 Qa4 18. Kb1 dxe5 19. fxe5 e6 20. b3 Qb4 21. Rhe1 Rfd8 22. Rd3 a6 23. Bc3 Qb5 24. Red1 Rxd3 25. Rxd3 Rc8 26. Bb2 Qc5 27. Rd1 h5 28. h3 Qf2 29. Bd4 Qg3 30. Rd3 Qg5 31. a4 Rd8 32. Be3 Qe7 33. Bc5 Qe8 34. Bd6 Rc8 35. Qb7 Qc6 36. Qxc6 Rxc6 37. a5 Bh6 38. c4 Bf4 39. c5 Bg5 40. b4 Kg7 41. Kc2 f6 42. Be7 Kf7 43. Bxf6 Bxf6 44. Rf3 Kg7 45. Rxf6 1-0

[Event "GER-chT Federal Cup (Women)"]
[White "Schneider, Birgit"]
[Black "Kube, Hannelore"]
[Site "Braunfels"]
[Round "2.5"]
[Result "1/2-1/2"]
[Date "2015.06.05"]
[WhiteElo "1924"]
[BlackElo "1837"]
[PlyCount "40"]
[EventDate "2015.06.04"]
[EventType "team-swiss"]
[EventRounds "5"]
[EventCountry "GER"]
[SourceTitle "CBM 167 Extra"]
[Source "ChessBase"]
[SourceDate "2015.09.14"]
[SourceVersion "1"]
[SourceVersionDate "2015.09.14"]
[SourceQuality "1"]
[WhiteTeam "Baden (W)"]
[BlackTeam "Thueringen (W)"]
[WhiteTeamCountry "GER"]
[BlackTeamCountry "GER"]

1. e4 e5 2. Nf3 Nc6 3. Bb5 a6 4. Ba4 Nf6 5. 0-0 d6 6. Re1 b5 7. Bb3 Be7 8. c3 Na5 9. Bc2 c5 10. h3 Qc7 11. d3 0-0 12. Nbd2 Bb7 13. Nf1 d5 14. exd5 Bd6 15. Ng3 Bxd5 16. Nf5 Rfe8 17. Nxd6 Qxd6 18. Ng5 Rad8 19. Qe2 Qc6 20. Ne4 h6 1/2-1/2

[Event "GER-chT Federal Cup (Women)"]
[White "Braje, Monika"]
[Black "Schneider, Birgit"]
[Site "Braunfels"]
[Round "1.5"]
[Result "1-0"]
[Date "2015.06.04"]
[WhiteElo "1729"]
[BlackElo "1924"]
[PlyCount "65"]
[EventDate "2015.06.04"]
[EventType "team-swiss"]
[EventRounds "5"]
[EventCountry "GER"]
[SourceTitle "CBM 167 Extra"]
[Source "ChessBase"]
[SourceDate "2015.09.14"]
[SourceVersion "1"]
[SourceVersionDate "2015.09.14"]
[SourceQuality "1"]
[WhiteTeam "Rheinland Pfalz (W)"]
[BlackTeam "Baden (W)"]
[WhiteTeamCountry "GER"]
[BlackTeamCountry "GER"]

1. e4 c5 2. d4 cxd4 3. c3 d5 4. Qxd4 dxe4 5. Qxe4 Nf6 6. Bb5+ Nbd7 7. Qf3 e6 8. Ne2 Be7 9. 0-0 0-0 10. Nd2 Qb6 11. Ba4 Ne5 12. Qh3 Ng6 13. Bc2 e5 14. Qg3 Qc7 15. h3 Bd6 16. Ne4 Nxe4 17. Bxe4 Be6 18. Bxg6 hxg6 19. b3 Rad8 20. c4 Qb8 21. Bb2 Rd7 22. Qg5 Rfd8 23. Ng3 Bc7 24. Rfe1 f6 25. Qxg6 Bf7 26. Qg4 Qc8 27. Ne4 Kh8 28. Re3 Re7 29. Qh4+ Kg8 30. Rg3 Be6 31. Nxf6+ Kf7 32. Nh5 Rh8 33. Rxg7+ 1-0

[Event "Baden-ch op U2000 "]
[White "Schneider, Birgit"]
[Black "Ehmann, Thilo"]
[Site "Emmendingen"]
[Round "4"]
[Result "1/2-1/2"]
[Date "2012.06.09"]
[WhiteElo "2044"]
[BlackElo "1859"]
[PlyCount "124"]
[EventDate "2012.06.07"]
[EventType "swiss"]
[EventRounds "7"]
[EventCountry "GER"]
[SourceTitle "EXT 2013"]
[Source "ChessBase"]
[SourceDate "2012.11.22"]
[SourceVersion "1"]
[SourceVersionDate "2012.11.22"]
[SourceQuality "1"]

1. e4 e5 2. Nf3 Nc6 3. Bb5 a6 4. Ba4 Nf6 5. 0-0 Be7 6. Re1 b5 7. Bb3 0-0 8. h3 d6 9. c3 Bb7 10. d4 Re8 11. Nbd2 Bf8 12. Bc2 Nd7 13. Nf1 Ne7 14. Ng3 Ng6 15. Nf5 Ne7 16. Bg5 f6 17. Nxe7+ Qxe7 18. Bd2 c5 19. d5 Nb6 20. Nh4 g6 21. Qg4 Bg7 22. Rad1 Bc8 23. Qg3 Bd7 24. f4 exf4 25. Qf2 Nc4 26. Bc1 g5 27. Nf5 Bxf5 28. exf5 Ne5 29. Kh1 Qf7 30. Be4 Qh5 31. Kg1 Re7 32. Rf1 Rae8 33. Bf3 Nxf3+ 34. Qxf3 Qxf3 35. Rxf3 Re1+ 36. Rxe1 Rxe1+ 37. Rf1 Re5 38. g3 fxg3 39. Kg2 Rxd5 40. Kxg3 h5 41. b3 Rd3+ 42. Rf3 Rxf3+ 43. Kxf3 d5 44. c4 Bh6 45. Bb2 d4 46. cxb5 axb5 47. a4 bxa4 48. bxa4 Bf8 49. a5 Bd6 50. Ba3 Bc7 51. Bxc5 Bxa5 52. Bxd4 Kf7 53. Bf2 Bc7 54. Bd4 Be5 55. Bf2 Ke7 56. Ke4 Kf7 57. Kf3 Kg7 58. Be1 Kf7 59. Bf2 Ke7 60. Ke4 Kd6 61. Be3 Kc6 62. Bxg5 Ba1 1/2-1/2